[Event "PRO League Pacific 2017"]
[Site "chess.com INT"]
[Date "2017.01.18"]
[Round "2"]
[White "Shabalov, Alexander"]
[Black "Flores Rios, Mauricio"]
[Result "1-0"]
[WhiteTitle "GM"]
[BlackTitle "GM"]
[WhiteElo "2563"]
[BlackElo "2529"]
[WhiteTeam "Pittsburgh Pawngrabbers"]
[BlackTeam "Minnesota Blizzard"]
[WhiteFideId "2008572"]
[BlackFideId "3408027"]
[EventDate "2017.01.11"]

1. d4 Nf6 2. c4 g6 3. Nc3 d5 4. cxd5 Nxd5 5. e4 Nxc3 6. bxc3 Bg7 7. Bc4 c5 8.
Ne2 O-O 9. O-O Nc6 10. Be3 Qc7 11. Rc1 Rd8 12. h4 b6 13. h5 Bb7 14. hxg6 hxg6
15. Nf4 Na5 16. Bd5 Bxd5 17. Nxd5 Qb7 18. Bg5 Rxd5 19. exd5 Qxd5 20. Bxe7 Nc6
21. Re1 cxd4 22. cxd4 Nxd4 23. Qa4 a5 24. Qa3 b5 25. Rc5 Qd7 26. Qc1 Re8 27. Rc7
Qg4 28. Qd1 Qf5 29. Bd6 Ne6 30. Rc5 Qf6 31. Be5 Qg5 32. Qd7 Rd8 33. Rc8 Bxe5 34.
Rxd8+ Nxd8 35. Qe8+ Kh7 36. Qxe5 Qd2 37. Re3 Kg8 38. Rh3 1-0

[Event "PRO League Pacific 2017"]
[Site "chess.com INT"]
[Date "2017.01.18"]
[Round "2"]
[White "Javakhadze, Zurab"]
[Black "Vazquez, Guillermo"]
[Result "1/2-1/2"]
[WhiteTitle "IM"]
[BlackTitle "IM"]
[WhiteElo "2468"]
[BlackElo "2437"]
[WhiteTeam "Dallas Destiny"]
[BlackTeam "Rio Grande Ospreys"]
[WhiteFideId "13603647"]
[BlackFideId "3702308"]
[EventDate "2017.01.11"]

1. Nf3 d5 2. g3 c6 3. Bg2 Bg4 4. O-O e6 5. b3 Nf6 6. Bb2 Bd6 7. d3 O-O 8. Nbd2
Nbd7 9. e4 e5 10. h3 Bh5 11. Qe1 Re8 12. Nh4 a5 13. a3 Nc5 14. Kh1 Ne6 15. Nf5
Bb8 16. Nf3 Nd7 17. Nh2 Bg6 18. h4 Bxf5 19. exf5 Nd4 20. Bxd4 exd4 21. Qd1 Qf6
22. Bh3 Bc7 23. Ng4 Qd6 24. Qd2 Nf6 25. Rae1 Nxg4 26. Bxg4 Qxa3 27. f6 Qd6 28.
fxg7 Kxg7 29. Qd1 Qf6 30. Bd7 Rxe1 31. Qxe1 Rd8 32. Qd1 Kf8 33. Bh3 Re8 34. Kg2
Bd6 35. Qg4 Bb4 36. h5 h6 37. Rh1 Be1 38. Rf1 Bc3 39. Rh1 b5 40. Qd7 Re5 41. Bg4
Kg7 42. Rf1 a4 43. bxa4 bxa4 44. Qa7 Rg5 45. Bd1 Re5 46. Qxa4 Re1 47. Qa8 Rxf1
48. Kxf1 Qe6 49. Kg2 Be1 50. Qb8 Qf6 51. Bf3 Bd2 52. Qb1 Qe6 53. Qd1 Qe1 54.
Qxe1 Bxe1 55. Bg4 Kf6 56. Bd7 c5 57. Bc6 Ke6 58. f4 f6 59. Kf3 f5 60. Bb7 Bd2
61. Bc8+ Kf6 62. Bd7 Bc3 63. g4 fxg4+ 64. Kxg4 Bd2 65. Bc6 Ke6 66. f5+ Ke5 67.
Bd7 Bg5 68. Be6 Bf6 69. Kf3 Bg5 70. Ke2 c4 71. Kf3 cxd3 72. cxd3 Bf6 73. Ke2 Bg5
74. Kd1 Bf6 75. Kc2 Bg5 76. Kb3 Bf6 77. Kb4 Kd6 78. Kb5 Be5 79. Kb6 Bf6 80. Kb7
Bg5 81. Kc8 Bf6 1/2-1/2

[Event "PRO League Pacific 2017"]
[Site "chess.com INT"]
[Date "2017.01.18"]
[Round "2"]
[White "Javakhadze, Zurab"]
[Black "Belous, Vladimir"]
[Result "0-1"]
[WhiteTitle "IM"]
[BlackTitle "GM"]
[WhiteElo "2468"]
[BlackElo "2564"]
[WhiteTeam "Dallas Destiny"]
[BlackTeam "Rio Grande Ospreys"]
[WhiteFideId "13603647"]
[BlackFideId "4174003"]
[EventDate "2017.01.11"]

1. Nf3 Nf6 2. g3 g6 3. Bg2 Bg7 4. O-O O-O 5. b3 Ne4 6. d4 c5 7. Bb2 d5 8. Nbd2
Nc6 9. e3 Qa5 10. Nxe4 dxe4 11. Ne5 Nxe5 12. dxe5 Rd8 13. Qe1 Qc7 14. Qc3 Bf5
15. Rfd1 b6 16. a4 Rxd1+ 17. Rxd1 Rd8 18. Rxd8+ Qxd8 19. h3 Qd1+ 20. Kh2 h5 21.
Qc4 Qe1 22. g4 hxg4 23. hxg4 Bxg4 24. Qxe4 Bf5 25. Qa8+ Kh7 26. Qxa7 Qxf2 27.
Qxe7 Be4 0-1

[Event "PRO League Pacific 2017"]
[Site "chess.com INT"]
[Date "2017.01.18"]
[Round "2"]
[White "Hilby, Craig"]
[Black "Liu, Elliott"]
[Result "0-1"]
[WhiteTitle "FM"]
[BlackTitle "FM"]
[WhiteElo "2334"]
[BlackElo "2284"]
[WhiteTeam "San Diego Surfers"]
[BlackTeam "Las Vegas Desert Rats"]
[WhiteFideId "2062674"]
[BlackFideId "2019850"]
[EventDate "2017.01.11"]

1. d4 g6 2. e4 Bg7 3. Nc3 d6 4. f4 a6 5. Nf3 b5 6. Bd3 Nd7 7. e5 Bb7 8. O-O c5
9. Be4 Bxe4 10. Nxe4 cxd4 11. Neg5 e6 12. Nxf7 Kxf7 13. Ng5+ Ke8 14. Nxe6 Qb6
15. Qf3 Ra7 16. Nxg7+ Kf7 17. f5 Nxe5 18. fxg6+ Kxg7 19. Qf8+ Kxg6 20. Qf5+ Kg7
21. Qf8+ Kg6 22. Qf5+ Kg7 23. Bf4 Ng6 24. Bg5 h6 25. Bd2 Qc5 26. Qe6 Re7 27. Qg4
Nf6 28. Qh3 Ne4 29. b4 Qxc2 30. Rad1 Nxd2 31. Rfe1 Rhe8 0-1

[Event "PRO League Pacific 2017"]
[Site "chess.com INT"]
[Date "2017.01.18"]
[Round "2"]
[White "Hilby, Craig"]
[Black "Troff, Kayden W"]
[Result "1/2-1/2"]
[WhiteTitle "FM"]
[BlackTitle "GM"]
[WhiteElo "2334"]
[BlackElo "2511"]
[WhiteTeam "San Diego Surfers"]
[BlackTeam "Las Vegas Desert Rats"]
[WhiteFideId "2062674"]
[BlackFideId "2047896"]
[EventDate "2017.01.11"]

1. e4 c5 2. Nf3 d6 3. d4 cxd4 4. Nxd4 Nf6 5. Nc3 a6 6. Be3 e5 7. Nf3 Be7 8. Bc4
O-O 9. O-O Qc7 10. Bb3 Be6 11. Nh4 g6 12. Bh6 Re8 13. Qd2 Ng4 14. Bg5 Nf6 15.
Bh6 Ng4 16. Bg5 Nf6 17. Bh6 1/2-1/2

[Event "PRO League Pacific 2017"]
[Site "chess.com INT"]
[Date "2017.01.18"]
[Round "2"]
[White "Tarjan, James E"]
[Black "Haining, Kyle"]
[Result "0-1"]
[WhiteTitle "GM"]
[BlackTitle "CM"]
[WhiteElo "2406"]
[BlackElo "2195"]
[WhiteTeam "Portland Rain"]
[BlackTeam "Seattle Sluggers"]
[WhiteFideId "2000180"]
[BlackFideId "2078643"]
[EventDate "2017.01.11"]

1. c4 g6 2. g3 Bg7 3. Bg2 c5 4. Nc3 Nc6 5. d3 d6 6. Rb1 Rb8 7. a3 a6 8. Bd2 Bd7
9. b4 cxb4 10. axb4 b5 11. cxb5 axb5 12. Nf3 Nf6 13. O-O O-O 14. d4 Bf5 15. Rb2
Qd7 16. Re1 Ne4 17. e3 d5 18. Bf1 Nxc3 19. Bxc3 Bg4 20. Be2 Rfc8 21. Qd2 e6 22.
Ra1 Ne7 23. Ne5 Bxe5 24. Bxg4 Bg7 25. Rba2 Rc7 26. Qd3 Nf5 27. Bxf5 gxf5 28. f3
Rbc8 29. Be1 Rc4 30. h3 Bf8 31. g4 f4 32. exf4 Bxb4 33. Ra7 Qd6 34. Bxb4 Qxb4
35. Kg2 Rxd4 36. Qe3 Qd2+ 37. Qxd2 Rxd2+ 38. Kg3 Rd3 39. Rb7 Rcc3 40. Kh4 Rxf3
41. Kg5 Kg7 42. h4 h6+ 43. Kh5 Rxf4 44. Ra8 Rcc4 45. Rbb8 Kf6 46. Rg8 d4 47.
Kxh6 d3 48. g5+ Ke5 49. h5 d2 50. Rgd8 Rfd4 51. Rxd4 Rxd4 52. Ra1 d1=Q 53. Rxd1
Rxd1 54. Kg7 Rg1 55. h6 Rxg5+ 56. Kxf7 Rh5 57. Kg6 Rxh6+ 58. Kxh6 b4 59. Kg7 b3
60. Kf7 b2 61. Kg6 b1=Q+ 62. Kf7 Kd5 63. Ke7 e5 64. Kf7 Qb6 0-1

[Event "PRO League Pacific 2017"]
[Site "chess.com INT"]
[Date "2017.01.18"]
[Round "2"]
[White "Tarjan, James E"]
[Black "Mikhalevski, Victor"]
[Result "1/2-1/2"]
[WhiteTitle "GM"]
[BlackTitle "GM"]
[WhiteElo "2406"]
[BlackElo "2504"]
[WhiteTeam "Portland Rain"]
[BlackTeam "Seattle Sluggers"]
[WhiteFideId "2000180"]
[BlackFideId "2801914"]
[EventDate "2017.01.11"]

1. d4 Nf6 2. Nf3 g6 3. Bf4 Bg7 4. h3 d6 5. c3 O-O 6. e3 c5 7. dxc5 dxc5 8. Qxd8
Rxd8 9. Bc7 Rd7 10. Bh2 Rd8 11. Nbd2 Nc6 12. Be2 Bf5 13. O-O-O Rac8 14. Ne5 Nxe5
15. Bxe5 Ne8 16. Bxg7 Kxg7 17. e4 Bd7 18. Nc4 Bb5 19. Rxd8 Rxd8 20. Rd1 Rxd1+
21. Kxd1 Bxc4 22. Bxc4 Nd6 23. Bd3 e5 24. Kd2 f5 25. exf5 gxf5 26. Ke3 Kf6 27.
f4 h6 28. g4 fxg4 29. hxg4 exf4+ 30. Kxf4 b6 31. Be2 Ke6 32. Bf3 Nc4 33. b3 Nd6
34. c4 Kf6 35. Bd5 Nc8 36. Bb7 Nd6 37. Bd5 Ne8 38. Be4 Nd6 39. Bd5 Ne8 40. Be4
Nd6 41. Bd5 1/2-1/2

[Event "PRO League Pacific 2017"]
[Site "chess.com INT"]
[Date "2017.01.18"]
[Round "2"]
[White "Bhat, Vinay S."]
[Black "Aleskerov, Faik"]
[Result "0-1"]
[WhiteTitle "GM"]
[WhiteElo "2519"]
[BlackElo "2315"]
[WhiteTeam "San Francisco Mechanics"]
[BlackTeam "San Jose Hackers"]
[WhiteFideId "2011352"]
[BlackFideId "13401262"]
[EventDate "2017.01.11"]

1. d4 Nf6 2. c4 e6 3. Nc3 d5 4. cxd5 exd5 5. Bg5 Be7 6. e3 O-O 7. Bd3 c6 8. Qc2
Nbd7 9. Nge2 Re8 10. O-O Nf8 11. f3 b6 12. Rae1 Bb7 13. Kh1 c5 14. Bb5 N6d7 15.
Bf4 a6 16. Bd3 Rc8 17. Qd2 Ng6 18. Bg3 Bh4 19. Bf5 Bxg3 20. Nxg3 Ne7 21. Bb1 Nf6
22. Rd1 Qc7 23. Rfe1 Rcd8 24. Nge2 Ng6 25. Ng3 Ne7 26. Rc1 Qd6 27. Red1 c4 28.
e4 dxe4 29. fxe4 Ng4 30. Qe2 Bc8 31. e5 Qh6 32. h3 Rxd4 33. Rf1 Rf4 34. Nce4 Ng6
35. Qxc4 Bb7 36. Qe2 N6xe5 37. Rxf4 Qxf4 38. Rf1 Qh6 39. Nf5 Qh5 40. Neg3 Qxh3+ 0-1

[Event "PRO League Pacific 2017"]
[Site "chess.com INT"]
[Date "2017.01.18"]
[Round "2"]
[White "Bhat, Vinay S."]
[Black "Naroditsky, Daniel"]
[Result "1/2-1/2"]
[WhiteTitle "GM"]
[BlackTitle "GM"]
[WhiteElo "2519"]
[BlackElo "2646"]
[WhiteTeam "San Francisco Mechanics"]
[BlackTeam "San Jose Hackers"]
[WhiteFideId "2011352"]
[BlackFideId "2026961"]
[EventDate "2017.01.11"]

1. d4 Nf6 2. c4 g6 3. Nc3 d5 4. Bg5 Bg7 5. Nf3 c5 6. dxc5 Qa5 7. cxd5 Ne4 8. Bd2
Nxd2 9. Qxd2 Na6 10. e3 Nxc5 11. Rc1 O-O 12. Be2 b6 13. O-O Bb7 14. Nd4 Rfd8 15.
Rfd1 Na4 16. Bf3 Nxc3 17. bxc3 Rac8 18. c4 Qxd2 19. Rxd2 Bxd5 20. Nb3 Be6 21.
Rxd8+ Rxd8 22. c5 bxc5 23. Rxc5 Rb8 24. h4 Bf6 25. g3 Bxb3 26. axb3 Rxb3 27. Ra5
Rb1+ 28. Kg2 Ra1 29. Rxa1 Bxa1 30. Bd5 e6 31. Bb3 Kf8 32. Kf3 Ke7 33. Ke4 Kd6
34. g4 h6 35. h5 f5+ 36. Kf3 g5 37. Kg3 Bf6 38. f4 a5 39. Bc2 fxg4 40. Kxg4 Kc5
41. Bb3 Kd6 42. Ba4 Kd5 43. Bb3+ Ke4 44. Bxe6 a4 45. fxg5 Bxg5 46. Bd7 Kxe3 47.
Be6 a3 48. Kg3 Bf6 49. Kg2 Kf4 50. Bf7 Kg5 51. Kh2 Kg4 52. Kg2 Be5 53. Kh1 Kf3
54. Kg1 Bg3 55. Kh1 Kf2 56. Be6 1/2-1/2

[Event "PRO League Pacific 2017"]
[Site "chess.com INT"]
[Date "2017.01.18"]
[Round "2"]
[White "Harmon-Vellotti, Luke"]
[Black "Dragun, Kamil"]
[Result "1-0"]
[WhiteTitle "IM"]
[BlackTitle "GM"]
[WhiteElo "2454"]
[BlackElo "2614"]
[WhiteTeam "Dallas Destiny"]
[BlackTeam "Rio Grande Ospreys"]
[WhiteFideId "2030012"]
[BlackFideId "1134167"]
[EventDate "2017.01.11"]

1. e4 c5 2. Nf3 d6 3. d4 cxd4 4. Nxd4 Nf6 5. Nc3 a6 6. Be3 e5 7. Nb3 Be7 8. f4
O-O 9. Be2 a5 10. a4 Nc6 11. O-O Nb4 12. Bf3 Bd7 13. Kh1 Bc6 14. Qe2 Re8 15. Qf2
Qc8 16. Rad1 Bf8 17. fxe5 dxe5 18. Bb6 Ra6 19. Rd2 Qe6 20. Nxa5 Bd7 21. Bc7 Rc8
22. Nd5 Nbxd5 23. exd5 Qf5 24. g4 Qf4 25. d6 e4 26. Bg2 Qxf2 27. Rdxf2 Rxc7 28.
dxc7 Rxa5 29. Bxe4 Rc5 30. g5 Rxg5 31. Bf5 Bc6+ 32. Rf3 Rxf5 33. c8=Q Bxf3+ 34.
Rxf3 Rxf3 35. Qxb7 Rf2 36. a5 Ng4 37. Qb8 Rxh2+ 38. Kg1 g6 39. b4 Kg7 40. a6 Be7
41. Qxh2 Nxh2 42. a7 Nf3+ 43. Kh1 Bxb4 44. a8=Q Ne5 45. Qa1 Bd6 46. Qd4 Bb8 47.
c4 f6 48. c5 Nf7 49. Qd7 h5 50. c6 h4 51. c7 Bxc7 52. Qxc7 g5 53. Kg2 Kg6 54.
Qe7 Nh6 55. Qe8+ Kg7 56. Kh3 Nf7 57. Kg4 Nh6+ 58. Kh5 Nf7 59. Qd7 Kf8 60. Qe6
Kg7 61. Qf5 Ne5 62. Qc8 Nf7 63. Qc7 h3 64. Qg3 Nh8 65. Qxh3 1-0

[Event "PRO League Pacific 2017"]
[Site "chess.com INT"]
[Date "2017.01.18"]
[Round "2"]
[White "Harmon-Vellotti, Luke"]
[Black "Kambrath, Yannick"]
[Result "1-0"]
[WhiteTitle "IM"]
[BlackTitle "FM"]
[WhiteElo "2454"]
[BlackElo "2358"]
[WhiteTeam "Dallas Destiny"]
[BlackTeam "Rio Grande Ospreys"]
[WhiteFideId "2030012"]
[BlackFideId "20632525"]
[EventDate "2017.01.11"]

1. e4 c5 2. Nf3 d6 3. d4 cxd4 4. Nxd4 Nf6 5. Nc3 a6 6. Be3 e5 7. Nb3 Be6 8. f4
exf4 9. Bxf4 Nc6 10. Qe2 Be7 11. h3 Nd7 12. O-O-O Nce5 13. g4 Rc8 14. Qe3 O-O
15. Kb1 Qc7 16. Qg3 Nb6 17. Nd4 Nbc4 18. Bc1 Rfe8 19. g5 Qa5 20. Nd5 Bxd5 21.
exd5 Qxd5 22. Bg2 Qc5 23. h4 a5 24. h5 Bf8 25. g6 fxg6 26. hxg6 Nxg6 27. Rxh7
Nce5 28. Rhh1 d5 29. Qh3 Re7 30. Rdf1 Nh4 31. Qxh4 g6 32. Qh8# 1-0

[Event "PRO League Pacific 2017"]
[Site "chess.com INT"]
[Date "2017.01.18"]
[Round "2"]
[White "Zaloznyy, Mike"]
[Black "Dreev, Aleksey"]
[Result "0-1"]
[BlackTitle "GM"]
[WhiteElo "2100"]
[BlackElo "2651"]
[WhiteTeam "Las Vegas Desert Rats"]
[BlackTeam "San Diego Surfers"]
[WhiteFideId "2023075"]
[BlackFideId "4100107"]
[EventDate "2017.01.11"]

1. e4 c6 2. d4 d5 3. Nc3 dxe4 4. Nxe4 Bf5 5. Ng3 Bg6 6. Nh3 Nd7 7. Nf4 e5 8.
Nxg6 hxg6 9. dxe5 Qa5+ 10. Bd2 Qxe5+ 11. Qe2 Ngf6 12. Bf4 Qxe2+ 13. Bxe2 O-O-O
14. O-O-O Bc5 15. Bc4 Rdf8 16. f3 Rh4 17. Ne2 Rxf4 18. Nxf4 Be3+ 19. Kb1 Bxf4
20. g3 Bc7 21. f4 Nb6 22. Bb3 a5 23. a3 a4 24. Ba2 Nfd5 25. Rd4 Bd6 26. Re1 Kc7
27. Rde4 Nf6 28. R4e2 Nbd5 29. c4 Nb6 30. Rc2 Nbd7 31. Rce2 Nc5 32. Kc2 Ne6 33.
Kc3 Bc5 34. Rd2 Rh8 35. b4 axb3 36. Kxb3 Nd4+ 37. Rxd4 Bxd4 38. Re7+ Kd6 39.
Rxf7 Rxh2 40. c5+ Kxc5 41. a4 Ne4 42. Ka3 Bb2+ 43. Kb3 Bc1 44. f5 Rb2+ 45. Ka3
Rb4# 0-1

[Event "PRO League Pacific 2017"]
[Site "chess.com INT"]
[Date "2017.01.18"]
[Round "2"]
[White "Mikhalevski, Victor"]
[Black "Raptis, Nick"]
[Result "1-0"]
[WhiteTitle "GM"]
[BlackTitle "FM"]
[WhiteElo "2504"]
[BlackElo "2262"]
[WhiteTeam "Seattle Sluggers"]
[BlackTeam "Portland Rain"]
[WhiteFideId "2801914"]
[BlackFideId "2016850"]
[EventDate "2017.01.11"]

1. Nf3 Nf6 2. g3 g6 3. b3 Bg7 4. Bb2 O-O 5. Bg2 c5 6. c4 Nc6 7. O-O d6 8. d4
cxd4 9. Nxd4 Bd7 10. e3 a6 11. Nc3 Qa5 12. a3 Rac8 13. Rc1 b5 14. Nxc6 Bxc6 15.
Bxc6 Rxc6 16. cxb5 axb5 17. Nd5 Nxd5 18. Rxc6 Nxe3 19. fxe3 Bxb2 20. Qc2 Qxa3
21. Qd3 Qa7 22. Rf2 Bf6 23. Rfc2 b4 24. Kg2 Kg7 25. e4 Qa1 26. Rc1 Qd4 27. Qxd4
Bxd4 28. Rc8 Rxc8 29. Rxc8 Kf6 30. Rb8 Bc5 31. Rb7 Ke5 32. Rxe7+ Kd4 33. Rxf7
Kc3 34. Rc7 Kd3 35. e5 1-0

[Event "PRO League Pacific 2017"]
[Site "chess.com INT"]
[Date "2017.01.18"]
[Round "2"]
[White "Mikhalevski, Victor"]
[Black "Talyansky, Seth D"]
[Result "1-0"]
[WhiteTitle "GM"]
[WhiteElo "2504"]
[BlackElo "2176"]
[WhiteTeam "Seattle Sluggers"]
[BlackTeam "Portland Rain"]
[WhiteFideId "2801914"]
[BlackFideId "30907730"]
[EventDate "2017.01.11"]

1. c4 e6 2. Nf3 d5 3. g3 Nf6 4. Bg2 c6 5. O-O Nbd7 6. b3 Be7 7. Bb2 O-O 8. Nc3
b6 9. d4 Bb7 10. Ne5 Nxe5 11. dxe5 Nd7 12. cxd5 cxd5 13. Nb5 a6 14. Nd4 Rc8 15.
f4 Nc5 16. f5 exf5 17. Nxf5 Ne6 18. e3 g6 19. Nh6+ Kg7 20. Ng4 Qd7 21. Nf6 Bxf6
22. exf6+ Kg8 23. Qd2 Rfd8 24. Rad1 Qc6 25. Rf2 Qb5 26. Bf1 Qc6 27. Bd4 b5 28.
Bh3 Rc7 29. Rff1 Ng5 30. Bg2 Bc8 31. Rc1 Qb7 32. Qa5 Ne6 33. Rxc7 Nxc7 34. Bb6
Rd7 35. Rc1 Ne6 36. Bd4 Qb8 37. Bh3 Rc7 38. Rxc7 Nxc7 39. Bg2 Qb7 40. Qb4 Ne6
41. Qd6 Qd7 42. Qxd7 Bxd7 43. Bxd5 Ng5 44. h4 Ne6 45. Bb6 Bc8 46. b4 h5 47. e4
Kf8 48. Kf2 Ke8 49. Bc6+ Kf8 50. Ke3 Kg8 51. e5 Kf8 52. Ke4 Kg8 53. Kd5 Nf8 54.
Kd6 Be6 55. a3 Bc8 56. Kc7 Bf5 57. Kb7 Nd7 58. Bd4 Nf8 59. Kxa6 Ne6 60. Bb6 1-0

[Event "PRO League Pacific 2017"]
[Site "chess.com INT"]
[Date "2017.01.18"]
[Round "2"]
[White "Kambrath, Yannick"]
[Black "Holt, Conrad"]
[Result "0-1"]
[WhiteTitle "FM"]
[BlackTitle "GM"]
[WhiteElo "2358"]
[BlackElo "2567"]
[WhiteTeam "Rio Grande Ospreys"]
[BlackTeam "Dallas Destiny"]
[WhiteFideId "20632525"]
[BlackFideId "2034387"]
[EventDate "2017.01.11"]

1. c4 c6 2. d4 d5 3. Nf3 Nf6 4. e3 Bg4 5. h3 Bxf3 6. Qxf3 e6 7. Bd3 Bb4+ 8. Nd2
Nbd7 9. a3 dxc4 10. Bxc4 Ba5 11. O-O O-O 12. Ne4 Rc8 13. b4 Nxe4 14. Qxe4 Bc7
15. Bb2 a5 16. b5 Nf6 17. Qf3 Qd6 18. g3 cxb5 19. Bxb5 Qb6 20. a4 Nd5 21. Rad1
Bd6 22. e4 Nc7 23. Qd3 Nxb5 24. axb5 a4 25. d5 e5 26. Rb1 Qa5 27. Ba1 a3 28. Rb3
Qa4 29. f4 exf4 30. gxf4 Rc4 31. e5 Bc5+ 32. Kg2 Rxf4 33. Rbb1 a2 34. Rbc1 Rxf1
35. Rxf1 Qh4 36. d6 b6 37. Kh2 Qg5 38. Qe2 Be3 39. Qf3 Bc5 40. Kh1 Qg6 41. Qe2
Qe6 42. Rd1 Qxh3+ 43. Qh2 Qf3+ 0-1

[Event "PRO League Pacific 2017"]
[Site "chess.com INT"]
[Date "2017.01.18"]
[Round "2"]
[White "Kambrath, Yannick"]
[Black "Javakhadze, Zurab"]
[Result "0-1"]
[WhiteTitle "FM"]
[BlackTitle "IM"]
[WhiteElo "2358"]
[BlackElo "2468"]
[WhiteTeam "Rio Grande Ospreys"]
[BlackTeam "Dallas Destiny"]
[WhiteFideId "20632525"]
[BlackFideId "13603647"]
[EventDate "2017.01.11"]

1. d4 Nf6 2. c4 e6 3. Nf3 Bb4+ 4. Nbd2 b6 5. a3 Bxd2+ 6. Bxd2 Bb7 7. Bg5 h6 8.
Bh4 d6 9. e3 g5 10. Bg3 Ne4 11. Nd2 Nxg3 12. hxg3 Nd7 13. e4 Qf6 14. d5 Qxb2 15.
Be2 O-O-O 16. Rb1 Qd4 17. O-O Nc5 18. Bh5 Rdf8 19. Qe2 Ba6 20. Rfc1 exd5 21.
exd5 Re8 22. Nf3 Qf6 23. Qa2 Re4 24. Nd2 Re7 25. a4 Rhe8 26. a5 Re2 27. Bxe2
Rxe2 28. Rf1 Qd4 29. axb6 axb6 30. Rb2 Kb7 31. Rc2 g4 32. Qb2 Qd3 33. Rd1 Na4
34. Qc1 h5 35. Ra2 Nc3 36. Ra3 Qd4 37. Rf1 Rxd2 38. Rxc3 f5 39. Qa1 Bxc4 40. Ra3
Qxa1 41. Rfxa1 Bxd5 42. Ra7+ Kb8 43. Ra8+ Bxa8 0-1

[Event "PRO League Pacific 2017"]
[Site "chess.com INT"]
[Date "2017.01.25"]
[Round "3"]
[White "Grabinsky, Aaron"]
[Black "Wheeler, Cameron"]
[Result "1-0"]
[BlackTitle "FM"]
[WhiteElo "2380"]
[BlackElo "2398"]
[WhiteTeam "Webster Windmills"]
[BlackTeam "San Francisco Mechanics"]
[WhiteFideId "2087090"]
[BlackFideId "2060531"]
[EventDate "2017.01.11"]

1. d4 Nf6 2. Bf4 d5 3. e3 c6 4. Nf3 Bf5 5. Bd3 Bxd3 6. Qxd3 e6 7. Nbd2 Be7 8. e4
O-O 9. e5 Nfd7 10. O-O c5 11. c3 Nc6 12. a3 Qb6 13. b4 cxd4 14. cxd4 f6 15. exf6
Bxf6 16. Bd6 Rf7 17. Nb3 Nxd4 18. Nfxd4 Qxd6 19. Rae1 Re8 20. Na5 Ne5 21. Qg3
Qb6 22. Ndb3 Nd7 23. Rc1 Be5 24. Qd3 Bd6 25. Rc2 Ne5 26. Qh3 Rf6 27. Nc5 Rh6 28.
Qc3 Nc6 29. g3 Nxa5 30. bxa5 Qb5 31. Rfc1 Rf6 32. Qd4 Rc8 33. Kg2 Be7 34. Qe3
Rc6 35. a4 Qb4 36. Nd7 Rh6 37. Rxc6 bxc6 38. Rxc6 Qb7 39. Ne5 d4 40. Qf3 Rf6 41.
Qe4 Rf5 42. f4 Qb2+ 43. Qc2 Qxc2+ 44. Rxc2 g5 45. Kf3 gxf4 46. gxf4 Bd6 47. Nd3
Rxa5 48. Rc6 Bf8 49. Rc4 Bg7 50. Ke4 Rh5 51. Rc8+ Kf7 52. Rc7+ Kg6 53. Rxa7 Rxh2
54. Kf3 Rh3+ 55. Ke2 Bf6 56. a5 Kf5 57. Ra8 Rh2+ 58. Kf3 Rh3+ 59. Ke2 Re3+ 60.
Kd2 Ke4 61. Nc5+ Kd5 62. Nd3 Rh3 63. a6 Rh2+ 64. Kd1 Ke4 65. Nc5+ Ke3 66. Re8 e5
67. a7 d3 68. Nxd3 Kxd3 69. a8=Q 1-0

[Event "PRO League Pacific 2017"]
[Site "chess.com INT"]
[Date "2017.01.25"]
[Round "3"]
[White "Boros, Denes"]
[Black "Taghizadeh, Rayan"]
[Result "1/2-1/2"]
[WhiteTitle "GM"]
[BlackTitle "FM"]
[WhiteElo "2444"]
[BlackElo "2317"]
[WhiteTeam "Webster Windmills"]
[BlackTeam "San Francisco Mechanics"]
[WhiteFideId "722340"]
[BlackFideId "2054019"]
[EventDate "2017.01.11"]

1. e4 e5 2. Nf3 Nc6 3. Bb5 a6 4. Ba4 Nf6 5. O-O Be7 6. Bxc6 dxc6 7. d3 Nd7 8. a4
f6 9. a5 Nf8 10. Nh4 g6 11. Nd2 Ne6 12. Nc4 O-O 13. Kh1 Bd7 14. Be3 c5 15. Bd2
Kh8 16. Rb1 Nd4 17. Ne3 Bc6 18. Nf3 Qd7 19. Bc3 Rae8 20. Nc4 Bd6 21. b4 Nb5 22.
Be1 Be7 23. Qc1 Qe6 24. Qe3 Nd4 25. Rb2 Rd8 26. Bc3 Nb5 27. Bd2 Nd4 28. Bc3 Nb5
29. Be1 Nd4 30. Bc3 Nb5 31. Bd2 Nd4 32. Bc3 Nb5 1/2-1/2

[Event "PRO League Pacific 2017"]
[Site "chess.com INT"]
[Date "2017.01.25"]
[Round "3"]
[White "Boros, Denes"]
[Black "Liou, Yian"]
[Result "1/2-1/2"]
[WhiteTitle "GM"]
[BlackTitle "IM"]
[WhiteElo "2444"]
[BlackElo "2414"]
[WhiteTeam "Webster Windmills"]
[BlackTeam "San Francisco Mechanics"]
[WhiteFideId "722340"]
[BlackFideId "2039583"]
[EventDate "2017.01.11"]

1. Nf3 d5 2. g3 Bg4 3. Bg2 c6 4. h3 Bh5 5. d3 Nd7 6. O-O e6 7. c4 Be7 8. Qb3 Qb6
9. Qc2 Ngf6 10. Nc3 O-O 11. b3 a6 12. Bf4 Rac8 13. Rac1 Rfe8 14. Na4 Qd8 15.
cxd5 exd5 16. e4 Ba3 17. Rce1 Nf8 18. Nh4 Bb4 19. Rc1 Ne6 20. Be3 dxe4 21. dxe4
Nd4 22. Bxd4 Qxd4 23. Nf5 Qa7 24. Nc5 Rcd8 25. Nd3 Bf8 26. Nf4 Bg6 27. Nxg6 hxg6
28. Ne3 Rd4 29. Rfe1 Nxe4 30. Nc4 Nf6 31. Rxe8 Nxe8 32. Ne5 Qb8 33. Qe2 Rd6 34.
Qc4 Qc7 35. h4 Qe7 36. Nf3 Nc7 37. Bh3 Qf6 38. Kg2 Rd8 39. Ng5 Nd5 40. Re1 Bb4
41. Re4 Be7 42. Bg4 Qd6 43. Bf3 Bf6 44. Re2 Bxg5 45. hxg5 Nc7 46. Re1 Ne6 47.
Qh4 Qd4 48. Be4 Qd2 49. Rh1 Kf8 50. Qg4 Qxg5 51. Qf3 Ke7 52. b4 Qe5 53. Re1 Qf6
54. Qe3 Qd4 55. Qa3 Rd6 56. Bf3 Kd8 57. Re3 Kc7 58. Qa5+ Qb6 59. Qa4 Rd4 60. a3
Rd2 61. Qb3 Qd4 62. Kg1 Rb2 63. Qa4 Qd2 64. Qa5+ Kb8 65. Qe5+ Ka7 66. Re2 Qc1+
67. Re1 Qd2 68. Re2 Qc1+ 69. Re1 Qd2 70. Re2 Qc1+ 71. Re1 1/2-1/2